Classement Ligue 1 - Saison 2024-2025 - Statistiques

Statistiques générales
  • Ce quiz a été pris 360 fois
  • Le résultat moyen est 14 sur 18
Statistiques - réponses
Club % Correct
Paris Saint-Germain
100%
Olympique de Marseille
99%
AS Monaco
95%
OGC Nice
88%
LOSC Lille
87%
Olympique Lyonnais
85%
RC Strasbourg
83%
RC Lens
81%
Montpellier HSC
76%
Stade Brestois
76%
AS Saint-Étienne
74%
Stade de Reims
74%
Stade Rennais
72%
Toulouse FC
72%
FC Nantes
71%
Le Havre AC
66%
AJ Auxerre
65%
Angers SCO
61%
Aucun quiz correspondant
Distribution des résultats
% des personnes avec chaque résultat
Percentile par nombre de réponses
Votre historique - résultats
Vous n’avez pas pris ce quiz